header

Moving toward the future of policing (Record no. 117276)

MARC details
000 -LEADER
fixed length control field 01213nam a2200301 a 4500
245 00 - TITLE STATEMENT
Title Moving toward the future of policing
260 ## - PUBLICATION, DISTRIBUTION, ETC. (IMPRINT)
Place of publication Santa Monica, Calif. :
Name of publisher RAND Corporation,
Year of publication 2011.
300 ## - PHYSICAL DESCRIPTION
Number of Pages xxv, 156 p. :
Other physical details ill. (some col.)
650 #0 - SUBJECT ADDED ENTRY--TOPICAL TERM
Topical Term Community policing.
700 1# - ADDED ENTRY--PERSONAL NAME
Personal name Treverton, Gregory F.
856 40 - ELECTRONIC LOCATION AND ACCESS
Uniform Resource Identifier http://site.ebrary.com/lib/rucke/Doc?id=10506596

No items available.

© 2026 Rongo University
Contact us: librarian | system librarian | Rongo university